000 00259nam a22001217a 4500
008 170816b xxu||||| |||| 00| 0 eng d
041 _aGER
080 _a51
100 _a36
101 _aMAT
245 _aMATHEMATICAL RESEARSH
_cSUDOW.A
942 _2udc
_cBK
999 _c23660
_d23660